LEADER 02972oam 2200673I 450 001 9910450844503321 005 20210611223730.0 010 $a1-134-28564-7 010 $a1-280-29142-7 010 $a9786610291427 010 $a0-203-34044-2 024 7 $a10.4324/9780203340448 035 $a(CKB)1000000000255744 035 $a(EBL)199488 035 $a(OCoLC)742298423 035 $a(SSID)ssj0000261920 035 $a(PQKBManifestationID)11232526 035 $a(PQKBTitleCode)TC0000261920 035 $a(PQKBWorkID)10269976 035 $a(PQKB)10875871 035 $a(MiAaPQ)EBC199488 035 $a(Au-PeEL)EBL199488 035 $a(CaPaEBR)ebr10881833 035 $a(CaONFJC)MIL29142 035 $a(OCoLC)842259613 035 $a(EXLCZ)991000000000255744 100 $a20180706e20051929 uy 0 101 0 $aeng 135 $aur|n|---||||| 181 $ctxt 182 $cc 183 $acr 200 10$aTravels in Asia and Africa, 1325-1354 210 1$aAbingdon, Oxon [England] :$cRoutledgeCurzon,$d2005. 215 $a1 online resource (417 p.) 225 1 $aThe Broadway travellers ;$v18 300 $aFirst published 1929 by RoutledgeCurzon. 311 $a0-415-61214-4 311 $a0-415-34473-5 320 $aIncludes bibliographical references and index. 327 $aCover; Half Title; Title Page; Copyright Page; Original Title Page; Original Copyright Page; Table of Contents; List of Maps and Illustrations; Introduction; Book I; Chapter I; Chapter II; Chapter III; Chapter IV; Chapter V; Book II; Chapter VI; Chapter VII; Chapter VIII; Chapter IX; Chapter X; Chapter XI; Chapter XII; Chapter XIII; Chapter XIV; Notes; Index of Geographical Names; Index of Personal Names, Etc. 330 $a'One of the most fascinating travel books of all time' Times Literary Supplement 'He could not have been more 'modern' if he had been born in the twentieth century' Evening Standard Ibn Battuta was the only medieval traveller who is known to have visited the lands of every Muhammadan ruler of his time and the extent of his journeys is estimated to be at least 75,000 miles. His work presents a descriptive account of Muhammadan society in the second quarter of the fourteenth century, which illustrates, among other things, how wide the sphere of influence of the Muslim m 410 0$aBroadway travellers ;$v18. 606 $aTravelers$zIslamic Empire$vBiography 606 $aVoyages and travels 607 $aAsia$xDescription and travel$vEarly works to 1800 607 $aAfrica$xDescription and travel$vEarly works to 1800 608 $aElectronic books. 615 0$aTravelers 615 0$aVoyages and travels. 676 $a915.042 676 $a915.0424092 700 $aIbn Batuta$f1304-1377,$0242893 801 0$bFlBoTFG 801 1$bFlBoTFG 906 $aBOOK 912 $a9910450844503321 996 $aTravels in Asia and Africa, 1325-1354$92022429 997 $aUNINA LEADER 07103nam 2200637 450 001 9910789460903321 005 20210430202559.0 010 $a3-03821-459-0 010 $a3-03821-630-5 024 7 $a10.1515/9783038216308 035 $a(CKB)3460000000133040 035 $a(EBL)4508503 035 $a(MiAaPQ)EBC4508503 035 $a(DE-B1597)426190 035 $a(OCoLC)948748781 035 $a(OCoLC)949962361 035 $a(DE-B1597)9783038216308 035 $a(Au-PeEL)EBL4508503 035 $a(CaPaEBR)ebr11207576 035 $a(CaONFJC)MIL915547 035 $a(PPN)254188974 035 $a(EXLCZ)993460000000133040 100 $a20160525h20182018 uy 0 101 0 $aeng 135 $aur|nu---|u||u 181 $ctxt$2rdacontent 182 $cc$2rdamedia 183 $acr$2rdacarrier 200 10$aLibraries $ea design manual /$fNolan Lushington, Wolfgang Rudorf, Liliane Wong ; contributions by Norma Blake [and eight others] 210 1$aBasel, [Switzerland] :$cBirkha?user,$d2018. 210 4$d©2018 215 $a1 online resource 300 $aIncludes indexes. 311 $a3-0346-0826-8 311 $a3-0346-0827-6 320 $aIncludes bibliographical references and indexes. 327 $tFront matter --$tContents --$tPreface --$tThe Building Type and its Emergence --$tThe Library in its Social Context /$rWong, Liliane / Lushington, Nolan --$tThe Library User as Customer /$rBlake, Norma --$tOn the Typology of the Library /$rKleefisch-Jobst, Ursula --$tForm and Function in Library Design /$rSchmitz, Karl-Heinz --$tPublic Libraries in the United States /$rLushington, Nolan --$tPlanning Processes and Spatial Organization --$tTowards the Design of Libraries /$rChestnutt, Rebecca --$tPlan Configuration and Layout /$rWong, Liliane --$tLibrary Spaces for Children, Teens and Young Adults /$rWong, Liliane / Lushington, Nolan --$tDialogues: Client, Librarian, Architect /$rWerner, Klaus Ulrich --$tFunding Options /$rWong, Liliane --$tTechnical Requirements --$tStructural Concepts /$rRudorf, Wolfgang --$tClimate Control /$rRudorf, Wolfgang --$tLighting and Illumination /$rRudorf, Wolfgang --$tDaylighting /$rBoubekri, Mohamed --$tInterior Design and Equipment --$tRefurbishment and Building Adaptation /$rVos, Aat --$tShelving /$rRudorf, Wolfgang / Wong, Liliane --$tOrientation and Wayfinding Systems /$rFranke-Maier, Michael --$tBook Security and RFID /$rSeeliger, Frank --$tNational Libraries --$tIntroduction --$tDet Kongelige Bibliotek --$tNational Library Singapore --$tBiblioteca Central Estatal de Guanajuato Wigberto Jiménez Moreno --$tNational Library of China --$tDeutsche Nationalbibliothek --$tLarge Public Libraries --$tIntroduction --$tBurton Barr Central Library --$tMillennium Library --$tSeattle Central Library --$tOBA - Openbare Bibliotheek Amsterdam --$tStadtbibliothek am Mailänder Platz --$tLibrary of Birmingham --$tSmall Public Libraries --$tIntroduction --$tPeckham Library and Media Centre --$tBiblioteca Pública Usera José Hierro --$tImaginOn: The Joe & Joan Martin Center --$tWhitechapel Idea Store --$tMiriam Matthews Hyde Park Branch Library --$tArabian Public Library --$tBiblioteca Municipal --$tParque Biblioteca España --$tMédiathèque André Malraux --$tVennesla Bibliotek og Kulturhus --$tBiblioteca Municipal de Almada --$tBiblioteca Pública de Ceuta --$tGando School Library --$tUniversity Libraries --$tIntroduction --$tCentral Library Technische Universiteit Delft --$tLaw Library Universität Zürich --$tIKMZ - Informations-, Kommunikationsund Medienzentrum Brandenburgische Technische Universität --$tPhilological Library Freie Universität --$tLewis Library Princeton University --$tJacob-und-Wilhelm- Grimm-Zentrum Humboldt Universität --$tRolex Learning Center Ecole Polytechnique Fédérale de Lausanne --$tJoe and Rika Mansueto Library University of Chicago --$tKai Feng Humanities and Social Sciences Library Tsinghua University --$tCINiBA - Centrum Informacji Naukowej i Biblioteka Akademicka Uniwersytet ?l?ski --$tAppendix --$tThe Authors --$tIndex of Names --$tIndex of Places --$tIllustration Credits 330 $aDer Bautyp Bibliotheken unterlag in den letzten zehn Jahren einem enormen Wandel. Meilensteine wie Rem Koolhaas? Stadtbibliothek in Seattle von 2004 definierten den Typus komplett neu und spiegelten die Entwicklung vom elitären Bildungstempel hin zum öffentlichen Wohnzimmer. Mischformen zwischen Bibliothek und Kaufhaus oder Theater entstanden. Zudem ist die Allgegenwart elektronischer Medien planerisch zu berücksichtigen; jede neue Bibliothek enthält heute Bereiche komplett ohne Bücher. Dieses Grundlagenwerk stellt in einem breiten systematischen Teil die entwurflichen, technischen und planerischen Voraussetzungen des Bibliotheksbaus dar. Spezialaspekte wie RFID, Zeichensysteme, Akustik oder besondere statische Anforderungen werden in eigenen Beiträgen von Experten erläutert. In vier Kategorien ? Nationalbibliotheken, große öffentliche Bibliotheken, kleine öffentliche Bibliotheken, wissenschaftliche Bibliotheken ? werden schließlich ca. 40 internationale wegweisende Projekte dokumentiert, darunter Jo Coenens Openbare Bibliotheek Amsterdam, Alvaro Sizas Kleinod der Stadtbibliothek für Viana do Castelo oder Mecanoos 2013 eröffnete Library of Birmingham. 330 $aLibraries as a building type have been subjected to substantial changes in particular in the past ten years. Milestones such as Rem Koolhaas? Seattle Central Library from 2004 reinvented the typology completely and reflected a development from elitist temple of learning to a public living room. Hybrids between library and department store or theater were conceived. Today, the ubiquity of electronic devices and media needs to be taken into account by the designer: every new library has areas without any books now. This work of reference explains systematically all technological and planning requirements of library design. Special features such as RFID, signage, acoustics or specific structural load issues are explained in texts by experts from the fields of architecture and library science. Finally, approximately 40 best-practice case studies of contemporary library design are documented extensively. They are organized in four categories ? national libraries, large public libraries, small public libraries, university libraries ? and comprise high-profile examples such as Jo Coenen?s Openbare Bibliotheek Amsterdam, Alvaro Siza?s Public Library Viana do Castelo in Portugal or Mecanoo?s Library of Birmingham from 2013. 606 $aLibrary architecture 606 $aLibrary buildings 615 0$aLibrary architecture. 615 0$aLibrary buildings. 676 $a727.8 686 $aZH 6215$2rvk 700 $aLushington$b Nolan$01556612 702 $aRudorf$b Wolfgang 702 $aWong$b Liliane 702 $aBlake$b Norma 801 0$bMiAaPQ 801 1$bMiAaPQ 801 2$bMiAaPQ 906 $aBOOK 912 $a9910789460903321 996 $aLibraries$93819419 997 $aUNINA LEADER 01052nam0 22002771i 450 001 UON00346134 005 20231205104320.456 010 $a01-955803-3-8 100 $a20091118d1978 |0itac50 ba 101 $aeng 102 $aGB 105 $a|||| 1|||| 200 1 $aˆThe ‰Urewera notebook$fKatherine Mansfield$gedited with an introduction by Ian A. Gordon 210 $aOxford$cOxford University Press$d1978 215 $a107 p.$cill.$d22 cm. 620 $aGB$dOxford$3UONL000029 676 $a823.9$cNarrativa inglese. 1900-$v21 700 1$aMANSFIELD$bKatherine$3UONV121946$0166565 702 1$aGORDON$bIan Alistair$3UONV112172 712 $aOxford University Press$3UONV245947$4650 801 $aIT$bSOL$c20240220$gRICA 899 $aSIBA - SISTEMA BIBLIOTECARIO DI ATENEO$2UONSI 912 $aUON00346134 950 $aSIBA - SISTEMA BIBLIOTECARIO DI ATENEO$dSI Angl VI A MAN 01 $eSI LO 13579 5 01 996 $aUrewera notebook$91358746 997 $aUNIOR